<?xml version="1.0" encoding="UTF-8"?>
<collection xmlns="http://www.loc.gov/MARC21/slim">
 <record>
  <leader>00977pam a22002298a 4500</leader>
  <controlfield tag="001">00016420</controlfield>
  <controlfield tag="008">110408s1981                  ||||||Viesd</controlfield>
  <controlfield tag="005">20171026081022.0</controlfield>
  <datafield tag="041" ind1="0" ind2="#">
   <subfield code="a">Vie</subfield>
  </datafield>
  <datafield tag="082" ind1="1" ind2="#">
   <subfield code="a">320.532</subfield>
   <subfield code="b">TH205C</subfield>
  </datafield>
  <datafield tag="100" ind1="0" ind2="#">
   <subfield code="a">Bre Gio Nep L.I</subfield>
  </datafield>
  <datafield tag="245" ind1="0" ind2="0">
   <subfield code="a">Theo con đường của Lênin</subfield>
   <subfield code="b">Những bài nói và bài viết</subfield>
   <subfield code="c">L.I Bre Gio Nep</subfield>
   <subfield code="n">T.4</subfield>
   <subfield code="p">6/1972 - 3/1974</subfield>
  </datafield>
  <datafield tag="260" ind1="#" ind2="#">
   <subfield code="a">H.</subfield>
   <subfield code="b">Sự thật</subfield>
   <subfield code="c">1981</subfield>
  </datafield>
  <datafield tag="300" ind1="#" ind2="#">
   <subfield code="a">603 tr.</subfield>
   <subfield code="c">20 cm.</subfield>
  </datafield>
  <datafield tag="650" ind1="#" ind2="7">
   <subfield code="2">Lênin</subfield>
  </datafield>
  <datafield tag="653" ind1="#" ind2="#">
   <subfield code="a">Bre Gio Nep</subfield>
   <subfield code="a">Đảng cộng sản Liên Xô</subfield>
   <subfield code="a">Chủ nghĩa xã hội</subfield>
   <subfield code="a">Nga</subfield>
  </datafield>
  <datafield tag="852" ind1="#" ind2="#">
   <subfield code="b">Kho mượn</subfield>
   <subfield code="j">KM.0001342, KM.0001343, KM.0001344, KM.0001345, KM.0001346, KM.0001347, KM.0001348, KM.0001349</subfield>
  </datafield>
  <datafield tag="852" ind1="#" ind2="#">
   <subfield code="b">Kho đọc</subfield>
   <subfield code="j">KD.0001845</subfield>
  </datafield>
  <datafield tag="852" ind1="#" ind2="#">
   <subfield code="j">KM.0001343</subfield>
   <subfield code="j">KM.0001344</subfield>
   <subfield code="j">KM.0001346</subfield>
   <subfield code="j">KM.0001347</subfield>
   <subfield code="j">KM.0001349</subfield>
   <subfield code="j">KM.0001342</subfield>
   <subfield code="j">KM.0001345</subfield>
   <subfield code="j">KM.0001348</subfield>
   <subfield code="j">KD.0001845</subfield>
  </datafield>
  <datafield tag="910" ind1=" " ind2=" ">
   <subfield code="d">08/04/2011</subfield>
  </datafield>
  <datafield tag="980" ind1="#" ind2="#">
   <subfield code="a">Trung tâm Học liệu Lê Vũ Hùng, Trường Đại học Đồng Tháp</subfield>
  </datafield>
 </record>
</collection>
